| 000 | 01457nam2a22002531 4500 | ||
|---|---|---|---|
| 001 | rc\4176000 | ||
| 005 | 20250611121317.0 | ||
| 021 |
_aRU _b[48-478] |
||
| 035 | _a(NLR Aleph) 008186710 | ||
| 090 |
_a7949537 _c7949537 |
||
| 100 | _a20130415d1950 |||y0rusy50 ca | ||
| 101 | 0 | _arus | |
| 102 | _aRU | ||
| 105 | _aa z ||||| | ||
| 200 | 1 |
_aСарай для хранения тракторов _e(Стены кирпичные) _f[Авт. проекта: Иванов М.Е.] |
|
| 210 |
_cсветолит. МСХ _d1950 _aБ. м. |
||
| 215 | _a2 с. текста на обл., 2 л. черт. | ||
| 461 | 0 |
_1001rc\4175951 _12001#$aТиповые проекты сельскохозяйственных построек$fМ-во сельского хозяйства СССР. Сельхозстройпроект$vПроект № 3000 _97949240 _cМосква _d1950 _fМ-во сельского хозяйства СССР. Сельхозстройпроект _nизд-во и светолит. Сельхозстройпроекта _tТиповые проекты сельскохозяйственных построек _vПроект № 3000 |
|
| 701 | 1 |
_7ca _8rus _aИванов _bМ. Е. _cинженер-проектировщик, сельское хозяйство _gМихаил Евгеньевич _9218894 _3RU\NLR\AUTH\770218950 |
|
| 801 | 0 |
_aRU _bNLR _gpsbo |
|
| 801 | 1 |
_aRU _bELAR _2rusmarc |
|
| 852 |
_aNLR _jТ80 Г-8/644 |
||
| 942 | _cBOOK | ||
| 980 | _aNB | ||